| 000 | 00418nam a22001457a 4500 | ||
|---|---|---|---|
| 008 | 230616b |||||||| |||| 00| 0 eng d | ||
| 040 |
_aNational Science Library _cNational Science Library |
||
| 080 | _a621.7:744 | ||
| 245 |
_aFoundry supervisory training _c/ Department of State |
||
| 260 |
_aWashington: _bDepartment of State, |
||
| 300 | _a64p. | ||
| 650 | _aScience | ||
| 653 | _aFoundry | ||
| 942 |
_2udc _cREF |
||
| 999 |
_c44175 _d44175 |
||